|
|
|
|
| LEADER |
01530nam a2200409 a 4500 |
| 001 |
EBC3060929 |
| 003 |
MiAaPQ |
| 005 |
20200520144314.0 |
| 006 |
m o d | |
| 007 |
cr cn||||||||| |
| 008 |
020418s2002 enk sb 001 0 eng d |
| 010 |
|
|
|z 2003386673
|
| 020 |
|
|
|z 9781902683546
|
| 020 |
|
|
|z 1902683536 (hbk.)
|
| 020 |
|
|
|z 1902683544 (pbk.)
|
| 020 |
|
|
|a 9781844653379 (electronic bk.)
|
| 035 |
|
|
|a (MiAaPQ)EBC3060929
|
| 035 |
|
|
|a (Au-PeEL)EBL3060929
|
| 035 |
|
|
|a (CaPaEBR)ebr10455645
|
| 035 |
|
|
|a (OCoLC)922958077
|
| 040 |
|
|
|a MiAaPQ
|c MiAaPQ
|d MiAaPQ
|
| 043 |
|
|
|a e-uk---
|
| 050 |
|
4 |
|a HC256.65
|b .T56 2002
|
| 082 |
0 |
4 |
|a 320.53150941
|2 21
|
| 100 |
1 |
|
|a Thompson, Noel W.,
|d 1951-
|
| 245 |
1 |
0 |
|a Left in the wilderness
|h [electronic resource] :
|b the political economy of British democratic socialism since 1979 /
|c Noel Thompson.
|
| 260 |
|
|
|a Chesham [England] :
|b Acumen,
|c 2002.
|
| 300 |
|
|
|a viii, 312 p.
|
| 504 |
|
|
|a Includes bibliographical references and index.
|
| 533 |
|
|
|a Electronic reproduction. Ann Arbor, MI : ProQuest, 2015. Available via World Wide Web. Access may be limited to ProQuest affiliated libraries.
|
| 610 |
2 |
0 |
|a Labour Party (Great Britain)
|
| 650 |
|
0 |
|a Socialism
|z Great Britain.
|
| 651 |
|
0 |
|a Great Britain
|x Economic conditions
|y 1979-1997.
|
| 651 |
|
0 |
|a Great Britain
|x Economic policy
|y 1979-1997.
|
| 655 |
|
4 |
|a Electronic books.
|
| 710 |
2 |
|
|a ProQuest (Firm)
|
| 856 |
4 |
0 |
|u https://ebookcentral.proquest.com/lib/matrademy/detail.action?docID=3060929
|z Click to View
|